<?xml version="1.0" encoding="UTF-8"?>
<record
    xmlns:xsi="http://www.w3.org/2001/XMLSchema-instance"
    xsi:schemaLocation="http://www.loc.gov/MARC21/slim http://www.loc.gov/standards/marcxml/schema/MARC21slim.xsd"
    xmlns="http://www.loc.gov/MARC21/slim">

  <leader>00739nam a22001937a 4500</leader>
  <datafield tag="952" ind1=" " ind2=" ">
    <subfield code="0">0</subfield>
    <subfield code="1">0</subfield>
    <subfield code="2">lcc</subfield>
    <subfield code="4">0</subfield>
    <subfield code="7">0</subfield>
    <subfield code="a">22</subfield>
    <subfield code="b">22</subfield>
    <subfield code="d">2017-11-13</subfield>
    <subfield code="l">0</subfield>
    <subfield code="o">HF5693.E7 G65</subfield>
    <subfield code="p">24 000243</subfield>
    <subfield code="r">2023-08-05</subfield>
    <subfield code="t">1</subfield>
    <subfield code="w">2017-11-13</subfield>
    <subfield code="y">LB</subfield>
  </datafield>
  <datafield tag="999" ind1=" " ind2=" ">
    <subfield code="c">102701</subfield>
    <subfield code="d">102701</subfield>
  </datafield>
  <controlfield tag="005">20231102152042.0</controlfield>
  <controlfield tag="008">171113s2015    mx k|||| |||| 00| 0 spa d</controlfield>
  <datafield tag="020" ind1=" " ind2=" ">
    <subfield code="a">9786077686903</subfield>
  </datafield>
  <datafield tag="050" ind1=" " ind2=" ">
    <subfield code="a">HF5693.E7</subfield>
    <subfield code="b">G65</subfield>
  </datafield>
  <datafield tag="100" ind1=" " ind2=" ">
    <subfield code="a">Gonz&#xE1;lez Serna, Jos&#xE9; de Jes&#xFA;s</subfield>
    <subfield code="e">autor</subfield>
  </datafield>
  <datafield tag="245" ind1=" " ind2=" ">
    <subfield code="a">Manual de f&#xF3;rmulas financieras  </subfield>
    <subfield code="b">: una herramienta para el mundo actual</subfield>
    <subfield code="c">/ Jos&#xE9; de Jes&#xFA;s Gonz&#xE1;lez Serna</subfield>
  </datafield>
  <datafield tag="260" ind1=" " ind2=" ">
    <subfield code="a">M&#xE9;xico</subfield>
    <subfield code="b">: Alfaomega</subfield>
    <subfield code="c">, 2015</subfield>
  </datafield>
  <datafield tag="300" ind1=" " ind2=" ">
    <subfield code="a">204 p&#xE1;ginas</subfield>
  </datafield>
  <datafield tag="505" ind1=" " ind2=" ">
    <subfield code="a">Introducci&#xF3;n
Finanzas operativas
finanzas estructurales
riesgos de las finanzas</subfield>
  </datafield>
  <datafield tag="519" ind1=" " ind2=" ">
    <subfield code="a">Plan Flexible /</subfield>
    <subfield code="b">Informatica /</subfield>
    <subfield code="c">Finanzas (LI636-2) /</subfield>
    <subfield code="d">(24 000243)</subfield>
  </datafield>
  <datafield tag="650" ind1=" " ind2="0">
    <subfield code="a">Matem&#xE1;ticas financieras</subfield>
    <subfield code="x">Manuales</subfield>
  </datafield>
  <datafield tag="650" ind1=" " ind2="0">
    <subfield code="a">Finanzas</subfield>
    <subfield code="x">Manuales</subfield>
  </datafield>
  <datafield tag="942" ind1=" " ind2=" ">
    <subfield code="c">LB</subfield>
  </datafield>
</record>
